| 000 -GUIDE |
| Champ de contrôle de longueur fixe |
01030nam a22002417a 4500 |
| 003 - IDENTITÉ DU NUMÉRO DE CONTRÔLE |
| Champ de contrôle |
BI-BuBU |
| 008 - ÉLÉMENTS DE LONGUEUR FIXE - RENSEIGNEMENTS GÉNÉRAUX |
| Champ de contrôle de longueur fixe |
260602b2025 bd fr|||| 000 0 fre d |
| 037 ## - SOURCE D'ACQUISITION |
| Source d'acquisition et du numéro d'inventaire |
DON |
| 039 ## - NIVEAU DE CONTRÔLE BIBLIOGRAPHIQUE ET HISTORIQUE D'ENCODAGE [OBSOLETE] |
| Date creation |
20260602125253.0 |
| Nom catalographe |
Joêlla Nshimirimana |
| 040 ## - SOURCE DU CATALOGAGE |
| Organisme qui a effectué le catalogage original |
BI-BuBU |
| Code de la langue utilisée dans le catalogage |
fre |
| Organisme qui a effectué la transcription |
BI-BuBU |
| Organisme qui a effectué la modification |
BI-BuBU |
| 041 0# - CODE DE LANGUE |
| Code de langue du texte/de la piste sonore ou du titre distinct |
fre |
| 080 ## - INDICE DE LA CLASSIFICATION DÉCIMALE UNIVERSELLE (CDU) |
| Indice de la Classification décimale universelle |
574. |
| 100 1# - VEDETTE PRINCIPALE - NOM DE PERSONNE |
| Code de relation |
aut. |
| Nom de personne |
Masabo, Onesphore |
| 245 10 - MENTION DU TITRE |
| Titre |
Etude de la dynamique de la végétation et des services écosystemiques de la chaine de montagnes de Birime à l'Est |
| Mention de responsabilité, etc. |
Onesphore Masabo; Jacques Nkengurutse, directeur |
| 260 ## - PUBLICATION, DIFFUSION, ETC. (ADRESSE BIBLIOGRAPHIQUE) |
| Lieu de publication, diffusion, etc. |
Bujumbura |
| Nom de l'éditeur, diffuseur, etc. |
Université du Burundi, Faculté des Sciences |
| Date of publication, distribution, etc |
2025 |
| 300 ## - DESCRIPTION MATÉRIELLE |
| Collation |
XI-50 f. |
| Dimensions |
30 cm. |
| 502 ## - NOTE DE THÈSE OU MÉMOIRE |
| Note de thèse |
Memoire présenté en vue d'obtenir le diplôme de master en Biologie des Organismes et Ecologie ( MBOE) <br/>Spécialité : Gestion des paysages et Ecosystèmes terrestres |
| 650 #7 - VEDETTE-MATIÈRE - NOM COMMUN |
| Source du terme |
BI-BuBU |
| Vedette de sujet ou vedette comportant un nom géographique |
Montagne ( chaine) |
| Subdivision générale |
végétation |
| Subdivision géographique |
Birime ( Burundi) |
| 655 #7 - TERME D'INDEXATION - GENRE OU FORME |
| Source du terme |
BI-BuBU |
| Données ou terme dominant sur le genre ou la forme |
book |
| 700 1# - VEDETTE SECONDAIRE - NOM DE PERSONNE |
| Code de relation |
dir. |
| Nom d'auteur |
Nkengurutse,Jacques |
| 710 ## - VEDETTE SECONDAIRE - NOM DE COLLECTIVITÉ |
| Nom de la collectivité ou nom de lieu comme élément de classement |
, Faculté des Sciences |
| 942 ## - ÉLÉMENTS D'ENTRÉE ADDITIONNELLE (KOHA) |
| Source de la classification ou du système de rangement |
|
| Type d item koha |
Memoire |